<?xml version="1.0" encoding="UTF-8"?>
<collection xmlns="http://www.loc.gov/MARC21/slim">
<record>
  <controlfield tag="001">144812</controlfield>
  <controlfield tag="005">20240912134240.0</controlfield>
  <datafield tag="024" ind1="8" ind2=" ">
    <subfield code="2">sideral</subfield>
    <subfield code="a">135347</subfield>
  </datafield>
  <datafield tag="037" ind1=" " ind2=" ">
    <subfield code="a">ART-2023-135347</subfield>
  </datafield>
  <datafield tag="041" ind1=" " ind2=" ">
    <subfield code="a">spa</subfield>
  </datafield>
  <datafield tag="100" ind1=" " ind2=" ">
    <subfield code="a">Chéliz Inglés, María del Carmen</subfield>
    <subfield code="u">Universidad de Zaragoza</subfield>
    <subfield code="0">(orcid)0000-0002-7183-2280</subfield>
  </datafield>
  <datafield tag="245" ind1=" " ind2=" ">
    <subfield code="a">Nuevo impulso a la mediación en el Reglamento Bruselas II ter y las dificultades de su implementación en la práctica</subfield>
  </datafield>
  <datafield tag="260" ind1=" " ind2=" ">
    <subfield code="c">2023</subfield>
  </datafield>
  <datafield tag="520" ind1="3" ind2=" ">
    <subfield code="a">La promoción de la mediación y otros mecanismos alternativos de resolución de conflictos (MARC) en todos los asuntos que afecten a menores es una de las cuestiones más destacables del Reglamento Bruselas II ter. Por un lado, introduce como regla general la obligación del órgano jurisdiccional de invitar a las partes a que consideren el recurso a la mediación o a otro MARC. Por otro lado, presta una especial atención al reconocimiento y la ejecución de los acuerdos alcanzados entre las partes con fuerza ejecutiva en el Estado miembro de origen. Ambas medidas son muestra de la firme apuesta del legislador de la UE por las vías alternativas de resolución de los conflictos en esta materia. No obstante, todavía persisten retos pendientes, no resueltos por el Reglamento Bruselas II ter, que ponen en duda si esta nueva regulación supondrá el impulso definitivo a la mediación, o se quedará en un brindis al sol, lleno de buenas intenciones.</subfield>
  </datafield>
  <datafield tag="540" ind1=" " ind2=" ">
    <subfield code="9">info:eu-repo/semantics/closedAccess</subfield>
    <subfield code="a">All rights reserved</subfield>
    <subfield code="u">http://www.europeana.eu/rights/rr-f/</subfield>
  </datafield>
  <datafield tag="655" ind1=" " ind2="4">
    <subfield code="a">info:eu-repo/semantics/article</subfield>
    <subfield code="v">info:eu-repo/semantics/publishedVersion</subfield>
  </datafield>
  <datafield tag="710" ind1="2" ind2=" ">
    <subfield code="1">4004</subfield>
    <subfield code="2">155</subfield>
    <subfield code="a">Universidad de Zaragoza</subfield>
    <subfield code="b">Dpto. Derecho Privado</subfield>
    <subfield code="c">Área Dcho.Internacion. Privado</subfield>
  </datafield>
  <datafield tag="773" ind1=" " ind2=" ">
    <subfield code="g">16 (2023), [27 pp.]</subfield>
    <subfield code="t">La Ley mediación y arbitraje</subfield>
    <subfield code="x">2660-7808</subfield>
  </datafield>
  <datafield tag="856" ind1="4" ind2=" ">
    <subfield code="s">259821</subfield>
    <subfield code="u">http://zaguan.unizar.es/record/144812/files/texto_completo.pdf</subfield>
    <subfield code="y">Versión publicada</subfield>
  </datafield>
  <datafield tag="856" ind1="4" ind2=" ">
    <subfield code="s">2107960</subfield>
    <subfield code="u">http://zaguan.unizar.es/record/144812/files/texto_completo.jpg?subformat=icon</subfield>
    <subfield code="x">icon</subfield>
    <subfield code="y">Versión publicada</subfield>
  </datafield>
  <datafield tag="909" ind1="C" ind2="O">
    <subfield code="o">oai:zaguan.unizar.es:144812</subfield>
    <subfield code="p">articulos</subfield>
    <subfield code="p">driver</subfield>
  </datafield>
  <datafield tag="951" ind1=" " ind2=" ">
    <subfield code="a">2024-09-12-13:05:03</subfield>
  </datafield>
  <datafield tag="980" ind1=" " ind2=" ">
    <subfield code="a">ARTICLE</subfield>
  </datafield>
</record>
</collection>